00988nam a2200289 a 4500008004100000020001500041041000800056100002100064245004800085250002100133260005500154300002200209500011900231653002000350653002500370653002100395653003800416653003500454653002400489653002500513653002200538653002100560653003300581653003200614653002800646700002400674100302e1994||||ck a f||||||||1|||spa d a9687157305 aspa1 aLatarjet, Michel aAnatomía Humana. bT.2 /cMichel Latarjet a2a ed. 4a reimp. aColombia:bEditorial Médica Panamericana;c1994. a965-1877 p. bil. aLatarjet, M. y Ruiz Liard, A. (1994). Anatomía humana. T.2 (2a ed.). Colombia : Editorial Médica Panamericana. aCaja torácica aAparato circulatorio aVasa sanguínea aArterias de la gran circulación aVenas de la gran circulación aSistema linfático aAparato respiratorio aAparato digestivo aAparato urinario aOrganos genitales masculinos aOrganos genitales femeninos aGlándulas endrocrinas1 aRuiz Liard, Alfredo